000 01041nam a2200289 a 4500
008
020 _a0853696268 (pbk.)
049 _aMAIN
090 _aRS131.3
_bGRE
110 _aGreat Britain.
_bBritish National Formulary.
245 0 0 _aBNF for children 2005 :
_bthe essential resource for clinical use of medicines in children /
_cBnfc.org.
246 _aThe essential resource for clinical use of medicines in children.
260 _aLondon :
_bBMJ Publishing Group,
_c2005
300 _ax, 866 p. ;
_c22 cm.
500 _aIncludes indexes.
650 2 _aFormularies
_xGreat Britain.
650 2 _aPrescriptions, Drug
_xNurses' Instruction.
650 0 _aNursing
_xmedicine-formulae,receipts,prescription
710 2 _aBritish Medical Association.
710 2 _aRoyal Pharmaceutical Society of Great Britain.
740 0 _aRCPCH Publications.
907 _a.b10223095
_b11-09-15
_c19-12-06
003
005 20230120204001.0
040 _cNUST
942 _cBOOKS
_kRS131.3
_mGRE
999 _c115039
_d115039